| 000 | 01992nam a2200301 i 4500 | ||
|---|---|---|---|
| 001 | 165473 | ||
| 003 | ES-MaACL | ||
| 005 | 20250902100424.0 | ||
| 008 | 931025s1861 sp |||| | spa d | ||
| 080 | _a061.235(460.27 M.).068 | ||
| 110 | 2 |
_aReal Sociedad Económica Matritense de Amigos del País. _96389 |
|
| 245 | 1 | 0 |
_aResumen de las acciones virtuosas que ha de premiar la Sociedad Económica Matritense... en la sesión pública que ha de celebrar en el salón del Real Conservatorio de Música y Declamación el día 19 de marzo de 1861, bajo la presidencia de S.S.M.M., cuyos premios corresponden al concurso de dicho año / _c[el secretario general, Pablo Abejón]. |
| 260 |
_aMadrid : _b[s.n.], _c1861 ( _fImp. Nacional) |
||
| 300 |
_a42 p., 1 h. ; _c26 cm. |
||
| 505 | 8 | _aContiene: Himno / letra de Braulio Antón Ramírez . Las tres bellezas: versos a la virtud / Juan Eugenio Hartzenbuch . Lista de los donativos hechos... a la Sociedad Económica Matritense con destino al fondo de premios a la virtud | |
| 530 | _aDisponible en formato digital. | ||
| 594 | _aAutor tomado de p. 22 | ||
| 610 | 2 | 7 |
_aReal Sociedad Económica Matritense de Amigos del País- _xPremios _2 _9160848 |
| 700 | 1 |
_aAbejón, Pablo, _dfl. 1857 _918027 |
|
| 700 | 1 |
_aAntón Ramírez, Braulio, _d1823-1892 _921953 |
|
| 700 | 1 |
_aHartzenbusch, Juan Eugenio, _d1806-1880 _962011 |
|
| 852 | 4 |
_aES-MaACL _jT-60-F-13 _z- Enc. hol., falto de cub. original _z- Enc. en un vol. facticio |
|
| 852 | 4 |
_aES-MaACL _jT-64-F-2 _z- Enc. hol., falto de cub. original _z- Enc. en un vol. facticio |
|
| 852 | 4 |
_aES-MaACL _jT-64-F-3 _z- Enc. hol., falto de cub. original _z- Enc. en un vol. facticio |
|
| 856 | 4 |
_uhttps://hemerotecadigital.bne.es/hd/issn/2605-4620 _zHemeroteca Digital (1861-62, 1865, 1868) |
|
| 856 | 4 |
_uhttps://bibliotecavirtualmadrid.comunidad.madrid/bvmadrid_publicacion/es/consulta/registro.do?id=22173 _zBiblioteca Digital de Madrid (1861, 1865) |
|
| 999 |
_c165473 _d165473 |
||